| 000 | 00303 a2200085 4500 | ||
|---|---|---|---|
| 020 | _a 9781848378032 | ||
| 100 | _aFrederick Litchfield | ||
| 245 | _aIllustrated History of Furniture: Contains 400 Illustrations of Examples from Ancient Times to the Edwardian Era | ||
| 260 |
_b Arcturus Publishing Limited _c2012 |
||
| 999 |
_c13229 _d13229 |
||